| 000 | 01235naa a22003257a 4500 | ||
|---|---|---|---|
| 001 | BR8704412 | ||
| 003 | BR-BrBNA | ||
| 005 | 20240918175825.0 | ||
| 007 | ta | ||
| 008 | 230509b bl.||||| |||| 00| 0 por d | ||
| 040 |
_aBR-BrBNA _bpor _cBiblioteca Nacional de Agricultura |
||
| 041 | _a(Pt) | ||
| 072 |
_aL02 _b5300 _bG514 |
||
| 090 | _aL02 BR8704412 | ||
| 100 | 1 | _aLudwig, A. | |
| 100 | 1 | _aBarbosa, H.P. | |
| 100 | 1 | _aGomes, P.C. | |
| 100 | 1 | _aDonzele, J.L. | |
| 111 | 1 |
_a16. Reuniao Anual da Sociedade Brasileira de Zootecnia _cCuritiba, PR (Brazil) _d15-19 Jul 1979 |
|
| 245 | 1 | _aEfeito da alimentacao controlada e a vontade sobre o desempenho de suinos testados nas estacoes de avaliacao de Concordia [Santa Catarina, Brasil] | |
| 260 | 3 |
_aCuritiba, PR (Brasil): _c1979. |
|
| 500 | _aAnais da 16. Reuniao Anual da Sociedade Brasileira de Zootecnia Curitiba, PR (Brasil): 1979. p. 158-159 (BR8704412-AM)L02 | ||
| 650 | _aSUINO | ||
| 650 | _aNUTRICAO ANIMAL | ||
| 650 | _aCONCORDIA | ||
| 650 | _aSANTA CATARINA | ||
| 773 | 0 |
_tAnais da 16. Reuniao Anual da Sociedade Brasileira de Zootecnia _wL02 BR8704412 _gCuritiba, PR (Brasil), 1979. p. 158-159 |
|
| 909 |
_a202404 _bLucia _c55 _dLucia Elande |
||
| 942 |
_cAM _2AGRIS |
||
| 999 |
_c318302 _d318302 |
||